000
00213 a2200097 4500
001
42894
100
_a
Bhutto Z.A
245
_a
Awakening the people
260
_a
_b
Syracuse Univ press
_c
090
_c
26781
_d
26781
942
_a
NUST-CAE
_c
M
_c
18648
999
_c
277967
_d
277967